00581nam a2200241Ia 450000500170000000800460001702000180006303700100008104000080009104000080009904000080010704100080011504100080012308400080013110000200013924500370015926000220019626000220021826000090024065000220024970000200027185600480029120260121124607.0008 260114s9999 xx 000 0 eng d a9781685859732 aEBOOK aCRL beng cCRL 2eng aeng qCRL aDeVotta, Neil  0aUnderstanding Contemporary India bWalter de Gruyter bWalter de Gruyter c2003 aPolitical Science a Ganguly, Sumit uhttp://www.degruyter.com/isbn/9781685859732